000 00774nam a2200217Ia 4500
005 20241216011429.0
008 190429s9999||||xx |||||||||||||| ||und||
020 _a45
082 _a372.41
_bA57
100 _aANDALUZ BOTTGER MIRELA ERILA, MINAYA JIMENEZ ROXANA LUZ
245 0 _aAPRENDIZAJE COOPERATIVO COMO METODO PARA MEJORAR LA COMPRENSION LECTORA EN LOS ALUMNOS DEL 2DO GRADO DE PRIMARIA DEL CNI CC HH DIVINA PASTORA DE OXAPAMPA
250 _a0
260 _aCERRO DE PASCO-PERU
_bUNDAC
_c2008
300 _a74 pag.
_c30 cm.
341 _h0
490 _v0
_a0
505 _aPLANTEAMIENTO DEL PROBLEMA/MARCO TEORICO/METODOLOGIA/RESULTADOS Y DISCUSION
541 _aD
_bANDALUZ BOTTGER MIRELA
_d02-Feb-09
_oSoles
650 _aEducación Primaria
942 _cTESIS
999 _c41677
_d41677